000 00426nam a2200157Ia 4500
008 210716s1992 xx 000 0 und d
020 _a0023753404
041 _aeng
082 _a332.6 MANL
100 _aMandell, Lewis; Obrien, Thomas J.
245 _aInvestment.
250 _a1
260 _aNew York
_bMac Millan Publishing Company
_c1992
300 _axxix,544
650 _aInvestment Analysis & Portfolio Management
999 _c206068
_d206068